Hóa học hữu cơ 2
Nội dung sách bao gồm các kiến thức khoa học như dẫn xuất halogen; hợp chất cơ nguyên tố; hợp chất cacbonyl; axit cacboxylic và dẫn xuất.
Na minha lista:
| Autor principal: | |
|---|---|
| Formato: | Livro |
| Idioma: | Undetermined |
| Publicado em: |
Hà Nội
Giáo dục Việt Nam
2015
|
| Assuntos: | |
| Tags: |
Adicionar Tag
Sem tags, seja o primeiro a adicionar uma tag!
|
| Thư viện lưu trữ: | Trung tâm Học liệu Trường Đại học Cần Thơ |
|---|
| LEADER | 00843nam a2200205Ia 4500 | ||
|---|---|---|---|
| 001 | CTU_207306 | ||
| 008 | 210402s9999 xx 000 0 und d | ||
| 020 | |c 80000 | ||
| 082 | |a 547 | ||
| 082 | |b R106/T.2 | ||
| 100 | |a Đỗ, Đình Rãng | ||
| 245 | 0 | |a Hóa học hữu cơ 2 | |
| 245 | 0 | |c Đỗ Đình Rãng (chủ biên), Đặng Đình Bạch, Nguyễn Thị Thanh Phong | |
| 260 | |a Hà Nội | ||
| 260 | |b Giáo dục Việt Nam | ||
| 260 | |c 2015 | ||
| 520 | |a Nội dung sách bao gồm các kiến thức khoa học như dẫn xuất halogen; hợp chất cơ nguyên tố; hợp chất cacbonyl; axit cacboxylic và dẫn xuất. | ||
| 650 | |a Chemistry, organic,Hóa học hữu cơ | ||
| 904 | |i Tuyến | ||
| 980 | |a Trung tâm Học liệu Trường Đại học Cần Thơ | ||